书目信息 |
| 题名: |
巴尔扎克中短篇小说选
|
|
| 作者: | 巴尔扎克 著 | |
| 分册: | ||
| 出版信息: | 北京 人民文学出版社 1989.09 |
|
| 页数: | 680页 | |
| 开本: | 32开 | |
| 丛书名: | ||
| 单 册: | ||
| 中图分类: | I565.4 | |
| 科图分类: | ||
| 主题词: | 文学 | |
| 电子资源: | ||
| ISBN: | 7-02-001734-7 | |
| 000 | 00566nam0 2200193 45 | |
| 001 | 0009262049 | |
| 005 | 20000926202308.7 | |
| 010 | @a7-02-001734-7@d25.80元 | |
| 100 | @a20000926d1989 km y0chiy0120 ea | |
| 101 | 0 | @achi |
| 105 | @a z 000yy | |
| 200 | 1 | @a巴尔扎克中短篇小说选@ABa Er Zha Ke Zhong Duan Pian Xiao Shuo Xuan@f巴尔扎克著@FBa Er Zha Ke Zhu |
| 210 | @a北京@c人民文学出版社@d1989.09 | |
| 215 | @a680页@d32开 | |
| 606 | 0 | @a文学 |
| 690 | @aI565.4@v3 | |
| 701 | 0 | @a巴尔扎克@4著 |
| 801 | @aCN@bPftUser@c20000926 | |
| 905 | @b155546-550@dI565.4@eB967/3@f5 | |
| 巴尔扎克中短篇小说选/巴尔扎克著.-北京:人民文学出版社,1989.09 |
| 680页;32开 |
| ISBN 7-02-001734-7:25.80元 |
| ● |
| 相关链接 |
|
|
|
正题名:巴尔扎克中短篇小说选
索取号:I565.4/B967/3
 
预约/预借
| 序号 | 登录号 | 条形码 | 馆藏地/架位号 | 状态 | 备注 |
| 1 | 155546 | 201555469 | 社科二线400B/400B社科库 27排1列1层/ [索取号:I565.4/B967/3] | 在馆 | |
| 2 | 155547 | 201555478 | 社科二线400B/400B社科库 28排3列1层/ [索取号:I565.4/B967/3] | 在馆 | |
| 3 | 155548 | 201555487 | 文学库116/400B社科库 3排2列4层/ [索取号:I565.4/B967/3] | 在馆 | |
| 4 | 155549 | 201555496 | 社科二线400B/400B社科库 6排1列1层/ [索取号:I565.4/B967/3] | 在馆 | |
| 5 | 155550 | 201555502 | 社科二线400B/400B社科库 30排1列1层/ [索取号:I565.4/B967/3] | 在馆 |